[Event "25th Troya Open 2017"]
[Site "Canakkale"]
[Date "2017.08.08"]
[Round "3.12"]
[White "Daloglu, Berkay"]
[Black "Hayrat, Mehmet Emir"]
[Result "1/2-1/2"]
[WhiteElo "1688"]
[BlackElo "1536"]
[Annotator "NA"]
[PlyCount "78"]
[EventCountry "TUR"]
[SourceTitle "playchess.com"]
[Source "ChessBase"]
[SourceQuality "1"]
[TimeControl "5400+30"]

1. e4 {[%emt 0:00:30]} e6 {[%emt 0:01:00]} 2. d3 {[%emt 0:00:30]} d5 {[%emt 0:00:30]} 3. Nd2 {[%emt 0:00:30]} c5 {[%emt 0:01:30]} 4. Ngf3 {[%emt 0:02:30]} Nc6 {[%emt 0:01:30]} 5. g3 {[%emt 0:00:30]} g6 {[%emt 0:01:30]} 6. Bg2 {[%emt 0:01:30]} Bg7 {[%emt 0:00:00]} 7. O-O {[%emt 0:00:30]} d4 {[%emt 0:01:00]} 8. Re1 {[%emt 0:05:30]} e5 {[%emt 0:04:30]} 9. Nb3 {[%emt 0:01:30]} b6 {[%emt 0:02:30]} 10. c3 {[%emt 0:01:30]} Nge7 {[%emt 0:01:30]} 11. cxd4 {[%emt 0:00:30]} cxd4 {[%emt 0:01:30]} 12. Nh4 {[%emt 0:12:30]} O-O {[%emt 0:04:30]} 13. f4 {[%emt 0:00:30]} f6 {[%emt 0:06:30]} 14. Nf3 {[%emt 0:15:30]} Bd7 {[%emt 0:04:30]} 15. Bd2 {[%emt 0:16:30]} Rc8 {[%emt 0:06:30]} 16. Rc1 {[%emt 0:00:00]} Be6 {[%emt 0:06:30]} 17. fxe5 {[%emt 0:07:00]} fxe5 {[%emt 0:00:30]} 18. Ng5 {[%emt 0:01:30]} Bd7 {[%emt 0:04:30]} 19. Na1 {[%emt 0:04:30]} h6 {[%emt 0:05:30]} 20. Qb3+ {[%emt 0:00:30]} Kh8 {[%emt 0:01:30]} 21. Nf7+ {[%emt 0:00:30]} Rxf7 {[%emt 0:00:30]} 22. Qxf7 {[%emt 0:00:00]} Be8 {[%emt 0:00:30]} 23. Qb3 {[%emt 0:01:00]} g5 {[%emt 0:00:30]} 24. Bh3 {[%emt 0:01:30]} Rb8 {[%emt 0:01:30]} 25. Nc2 {[%emt 0:01:30]} Ng6 {[%emt 0:01:30]} 26. Nb4 {[%emt 0:00:30]} Nxb4 {[%emt 0:01:30]} 27. Bxb4 {[%emt 0:00:30]} Bd7 {[%emt 0:00:30]} 28. Bxd7 {[%emt 0:01:30]} Qxd7 {[%emt 0:00:30]} 29. Rf1 {[%emt 0:01:30]} Qh3 {[%emt 0:00:30]} 30. Qf7 {[%emt 0:01:30]} Kh7 {[%emt 0:01:30]} 31. Rc7 {[%emt 0:02:14]} Rg8 {[%emt 0:00:00]} 32. Rxa7 {[%emt 0:02:06]} h5 {[%emt 0:01:00]} 33. Rf6 {[%emt 0:00:35]} Nf4 {[%emt 0:00:30]} 34. gxf4 {[%emt 0:06:03]} Qe3+ {[%emt 0:13:30]} 35. Kf1 {[%emt 0:02:49]} Qxd3+ {[%emt 0:01:30]} 36. Ke1 {[%emt 0:00:38]} Qxe4+ {[%emt 0:05:30]} 37. Kd2 {[%emt 0:06:22]} Qe3+ {[%emt 0:00:30]} 38. Kd1 {[%emt 0:00:35]} Qf3+ {[%emt 0:00:36]} 39. Ke1 {[%emt 0:03:19]} Qe4+ {[%emt 0:00:30]} 1/2-1/2

[Event "25th Troya Open 2017"]
[Site "Canakkale"]
[Date "2017.08.09"]
[Round "4.1"]
[White "Alaz, Ahmet Efekan"]
[Black "Savchenko, Boris"]
[Result "0-1"]
[WhiteElo "2048"]
[BlackElo "2602"]
[Annotator "TA"]
[PlyCount "66"]
[EventCountry "TUR"]
[SourceTitle "playchess.com"]
[Source "ChessBase"]
[SourceQuality "1"]

{[%evp 23,66,14,8,-23,0,-11,-29,-28,-26,-35,-35,-64,-52,-121,-124,-172,-166,-223,-224,-222,-186,-543,-539,-503,-372,-801,-788,-6618,-6542,-29987,-29988,-29992,-29982,-29982,-29980,-29983,-29980,-29981,-29982,-29986,-29987,-29987,-29988,-29987,-29988]} 1. e4 {[%cal Be2e4,Be4e5][%mdl 32]} Nf6 2. e5 Nd5 3. d4 d6 4. c4 Nb6 5. exd6 cxd6 6. Nc3 g6 7. Be3 Bg7 8. Nf3 O-O 9. Be2 Nc6 10. O-O Bg4 11. b3 d5 12. c5 Nc8 {LiveBook: 66 Games} 13. a3 {B04: Alekhine's Defence: 4 Nf3} (13. b4 $5) (13. Qd2 e6 14. Ne1 Bxe2 15. Nxe2 N8e7 16. b4 a6 17. Nc2 Nf5 18. Rab1 h6 19. Rfd1 Qh4 20. a4 Rfe8 21. Bf4 {½-½ (45) Ismagambetov,A (2463)-Durarbayli,V (2587) Al Ain 2012}) 13... b6 $146 ({Predecessor:} 13... e6 14. b4 a6 15. Na4 Bxf3 16. Bxf3 Qf6 17. Rc1 Nxd4 18. Bxd4 Qxd4 19. c6 b5 20. Nc5 Nb6 {0-1 (29) Calzetta Ruiz,M (2210)-Santo Roman,M (2480) Castellar 1996}) 14. b4 bxc5 15. bxc5 {Black has an edge.} e6 16. Qa4 N8e7 17. Bb5 Bxf3 18. Bxc6 (18. gxf3 $15 e5 19. Ne2 exd4 20. Nxd4 Nxd4 21. Bxd4) 18... Nxc6 $17 19. Qxc6 {[#]} Bxd4 $1 {[%mdl 512]} 20. Nb5 (20. Rac1 $142 Bxc3 21. Rxc3) (20. Bxd4 Qg5) 20... Bxe3 $19 21. fxe3 Be2 22. Nd6 $2 (22. Rfe1 Rc8 23. Qa6) 22... Bxf1 23. Rxf1 Rb8 24. a4 $2 (24. Qa4) 24... Qg5 {( -> ...Rb2)} 25. h4 Qxe3+ 26. Kh2 Rb4 {[%cal Rb4h4] Black mates.} 27. Rf3 Rxh4+ 28. Rh3 Rxh3+ 29. gxh3 Qf2+ 30. Kh1 Rb8 {[%cal Rb8b1]} 31. Nb5 Qf1+ 32. Kh2 Qf4+ 33. Kg2 Qxa4 {Precision: White =  2%, Black = 88%.} 0-1

[Event "25th Troya Open 2017"]
[Site "Canakkale"]
[Date "2017.08.09"]
[Round "4.2"]
[White "Rasulov, Vugar"]
[Black "Maden, Mirac Kerem"]
[Result "1-0"]
[WhiteElo "2509"]
[BlackElo "2014"]
[Annotator "TA"]
[PlyCount "49"]
[EventCountry "TUR"]
[SourceTitle "playchess.com"]
[Source "ChessBase"]
[SourceQuality "1"]

{[%evp 18,49,53,47,113,115,128,110,189,195,206,210,344,333,354,349,482,484,477,462,533,539,495,490,535,528,591,621,574,493,29988,29988,29989,1232]} 1. d4 Nf6 2. Nf3 e6 3. g3 b6 4. Bg2 Bb7 5. O-O Be7 6. c4 d5 7. Ne5 O-O 8. Nc3 c6 9. e4 dxc4 10. Nxc4 {LiveBook: 58 Games} c5 {[#] E06: Closed Catalan: Early deviations} (10... b5 $14 11. Ne3 b4) (10... b5 11. Ne5 Nbd7 12. Nd3 Rc8 13. Be3 b4 14. Na4 Ba6 15. Re1 Qa5 16. b3 Rfd8 17. Ndb2 e5 18. dxe5 Nxe5 {0-1 (46) Jankovic,A (2591)-Castellanos Rodriguez,R (2491) Tallinn 2016}) 11. d5 $1 $16 {[%cal Rd5d6] Strongly threatening d6.} Ba6 12. b3 {[%cal Bb2b3,Bb3c4][%mdl 32]} Bxc4 $146 (12... exd5 $16 13. exd5 Bd6) ({Predecessor:} 12... exd5 13. e5 b5 14. Ne3 b4 15. Ncxd5 Nxd5 16. Qxd5 Bxf1 17. Kxf1 Nd7 18. Qxa8 Qxa8 19. Bxa8 Rxa8 {1-0 (60) Doros,R (2311)-Delgado Vlaic,A (1967) Calimanesti 2013}) 13. bxc4 $18 {Hoping for e5.} e5 {[#]} 14. f4 $1 Bd6 (14... Nfd7 $142 15. Rb1 Bf6) 15. Nb5 Ne8 16. Nxd6 Nxd6 17. fxe5 Nxc4 18. e6 fxe6 19. Rxf8+ Qxf8 20. dxe6 Nc6 21. Qd5 $1 {[%csl LRc4,LRc6]} Qf6 22. e5 N4xe5 23. Bb2 Nf3+ (23... Re8 $18 24. Qxc6 Nxc6 25. Bxf6 Kf8) 24. Bxf3 Qxb2 25. Re1 {Precision: White = 93%, Black = 29%.} (25. e7+ $142 Kh8 26. Re1 Qd4+ 27. Qxd4 Nxe7 28. Qg4 Nc6 29. Bxc6 Rg8 30. Re7) 1-0

[Event "25th Troya Open 2017"]
[Site "Canakkale"]
[Date "2017.08.09"]
[Round "4.3"]
[White "Rahmanov, Shahriyar"]
[Black "Baltaci, Ismail Tarik"]
[Result "0-1"]
[WhiteElo "2327"]
[BlackElo "1946"]
[Annotator "TA"]
[PlyCount "72"]
[EventCountry "TUR"]
[SourceTitle "playchess.com"]
[Source "ChessBase"]
[SourceQuality "1"]

{[%evp 21,72,26,37,16,27,32,27,21,48,33,67,50,47,41,53,55,44,52,59,52,89,97,124,68,110,106,107,107,141,102,102,86,138,141,135,33,142,107,332,334,310,324,441,355,442,443,545,0,0,-8,0,-59,-61]} 1. d4 Nf6 2. Nf3 g6 3. g3 Bg7 4. Bg2 O-O 5. O-O d6 6. c4 Nbd7 7. Nc3 e5 8. e4 exd4 9. Nxd4 Re8 10. Re1 Nc5 11. h3 a5 12. Re2 {E68: King's Indian: Fianchetto: 6...Nbd7 7 0-0 e5 8 e4} (12. Qc2 c6 13. Be3 Qc7 14. Rad1 Be6 15. b3 Rad8 16. f4 Bc8 17. Bf2 h5 18. Nf3 Nh7 19. Bd4 Bxd4+ 20. Rxd4 Nf8 21. Kh2 Qe7 22. Qf2 Nfe6 {0-1 (41) Korobov,A (2713)-Bachmann,A (2609) Moscow 2016}) 12... c6 13. Bf4 Nh5 14. Be3 {[%cal Bf4e3,Be3f2,Bf2e1][%mdl 32] White has an edge.} Nf6 {[%cal Rf6e4]} 15. Qc2 Nfd7 $146 ({Predecessor:} 15... a4 16. Rd1 Qa5 17. Red2 Qb4 18. a3 Qa5 {1-0 (31) Suba,M (2538)-Maldonado Morillo,A Madrid 2001}) 16. Rd1 a4 17. f4 Qa5 18. Bf2 Nb6 19. Nb1 Qb4 20. Na3 Ne6 21. Nf3 $1 {Hoping for c5!} Nd7 22. Kh2 ({White should play} 22. c5 $1 $16) 22... Nec5 23. Be1 Qb6 24. Rxd6 Na6 25. Bf2 (25. Qxa4 $6 Bxb2 26. Nb5 Bg7 $14) 25... Ndc5 26. Rd1 $36 {[%mdl 2048] White is in control.} Nb4 {[#]} (26... Rd8 $142) 27. Qb1 $1 $16 Qa5 28. g4 (28. Nc2 $16 {Strongly threatening Be1.} Nbd3 29. Bd4) 28... Be6 ({Black should try} 28... f5 $14) 29. e5 {Black must now prevent f5.} h5 $2 (29... Rad8 $16) 30. f5 $18 hxg4 31. hxg4 ({Weaker is} 31. fxe6 gxf3 32. exf7+ Kxf7 $16) 31... Bc8 32. Bg3 gxf5 33. gxf5 Ncd3 {[#]} 34. e6 $2 (34. Rxd3 Bxf5 35. Rd5 Bxb1 $16) (34. Bh3 $1 $18) 34... Qxf5 $11 35. Nh4 Qh5 36. Bf3 ({Reject} 36. Rxd3 Qxe2 37. exf7+ Kxf7 $19) (36. exf7+ $11 Qxf7 37. Rxe8+ Qxe8 38. Rxd3 Nxd3 39. Qxd3) 36... Qg5 $1 {Precision: White = 55%, Black = 24%.} ({Not} 36... Qh7 $2 37. exf7+ Kxf7 38. Rxe8 $18) 0-1

[Event "25th Troya Open 2017"]
[Site "Canakkale"]
[Date "2017.08.09"]
[Round "4.4"]
[White "Ozsakallioglu, Okan"]
[Black "Sevgi, Volkan"]
[Result "0-1"]
[WhiteElo "2010"]
[BlackElo "2213"]
[Annotator "TA"]
[PlyCount "152"]
[EventCountry "TUR"]
[SourceTitle "playchess.com"]
[Source "ChessBase"]
[SourceQuality "1"]

{[%evp 14,152,60,52,76,50,38,34,55,31,91,57,58,48,58,33,49,43,50,30,56,70,173,38,18,27,127,123,122,122,137,122,81,79,81,6,6,17,6,7,0,-108,-108,-107,-91,-134,-114,-145,-151,-245,-218,-293,-271,-235,-190,-241,-213,-260,-205,-206,-202,-205,-177,-187,-183,-171,-157,-298,-289,-346,-431,-417,-389,-425,-414,-439,-439,-432,-414,-393,-393,-539,-525,-472,-264,-802,-585,-747,-754,-1966,-1160,-12839,-12840,-12840,-12831,-12831,-12832,-12833,0,-4802,0,-12833,-12833,-12833,-12832,-12833,-12832,-12833,-12830,-12828,0,-12833,-12833,-12833,-12834,-12834,-12835,-12837,-12837,-12837,-12838,-12838,-12839,-12842,-12841,-12842,-12843,-12844,-12841,-12842,-12843,-12843,-12843,-12845,-12845,-12845,-12845,-12847,-12847,-12850,-12850]} 1. e4 d5 2. exd5 Qxd5 3. Nc3 Qd6 4. d4 Nf6 5. Bc4 g6 6. Nge2 {B01: Scandinavian Defence} Bg7 7. Bf4 Qd8 8. Qd2 {LiveBook: 6 Games. White is slightly better.} a6 9. Bb3 (9. Bh6 $5 {[%cal Rh6g7]} O-O 10. Bxg7 Kxg7 11. Ng3 $11) 9... b5 10. f3 Bb7 11. O-O-O Nc6 (11... c5 $14 12. dxc5 Qxd2+ 13. Rxd2 Nbd7) 12. Ne4 $146 ({Predecessor:} 12. Bh6 Bxh6 13. Qxh6 {1-0 (34) Sharapov,E (2367)-Kovchan,A (2576) Lutsk 2015}) 12... Nxe4 13. fxe4 e5 14. Bh6 O-O {[%cal Rc6d4]} 15. Bxg7 Kxg7 16. Bd5 $36 {[%mdl 2048] White fights for an advantage.} Qe7 17. h4 Nd8 ({Better is} 17... Rad8 $14) 18. Bxb7 (18. h5 $18 {aiming for hxg6.} Bxd5 19. exd5) 18... Nxb7 $14 19. h5 Nd6 (19... Rad8 $1 $11 {keeps the balance.}) 20. hxg6 $16 fxg6 {[#]} 21. Qh6+ $1 Kg8 22. dxe5 Nxe4 {...Nf2 is the strong threat.} 23. Nf4 Qf7 24. Nd5 ({White should play} 24. Rh4 $16 {Strongly threatening Nd5.} Rae8 25. e6) 24... Rae8 $1 $11 25. Nf6+ Nxf6 26. exf6 Re6 27. Qg7+ (27. Rdf1 $11) 27... Qxg7 $17 28. fxg7 {[%mdl 4096] Endgame KRR-KRR} Rf7 29. Rd2 Ref6 30. b3 Kxg7 31. Kb2 (31. Rh3 $17) 31... Rf2 $19 32. Rhd1 h5 {[%cal Bh7h5,Bh5h4][%mdl 32]} 33. Kc3 R2f4 34. a3 (34. Rd5 $142) 34... h4 35. Rd5 Rg4 36. R1d2 Kh6 37. Rc5 Rgf4 38. Re2 Rf2 39. Kd2 g5 40. Rc6+ (40. c4 $17) 40... Kh5 41. c4 Kg4 42. cxb5 axb5 43. Rc3 R7f4 44. Rc5 Rxe2+ 45. Kxe2 {[#] KR-KR} c6 $1 {[%mdl 512]} 46. Rc3 (46. Rxc6 Kg3) 46... Rd4 47. Kf2 Rd2+ 48. Kg1 Ra2 (48... Kf4 $142 49. Rxc6 Rd3) 49. b4 $2 (49. a4) 49... Kf4 50. Rf3+ Ke4 51. Rc3 g4 52. g3 h3 53. Kh1 Rd2 54. Rxc6 Rd3 55. Kh2 Rd2+ (55... Rxa3 $142 56. Re6+ Kf5) 56. Kh1 Rd3 (56... Rf2 $142 57. Rc5 Rg2) 57. Kh2 Rxa3 58. Re6+ Kf5 59. Re8 Ra2+ 60. Kh1 Ra1+ 61. Kh2 Ra2+ 62. Kh1 Rc2 {Black is clearly winning.} 63. Rf8+ Ke5 64. Re8+ Kd5 65. Rd8+ Ke4 66. Rd1 Rc4 67. Kh2 Rxb4 68. Rd2 Rd4 69. Rb2 b4 {[%cal Bb5b4,Bb4b3,Bb3b2][%mdl 32]} 70. Rb3 Kd5 71. Rb2 Kc4 72. Rc2+ Kd3 73. Rb2 Kc3 74. Rb1 b3 75. Re1 b2 {( -> ...Kc2)} 76. Rd1 Rd2+ {Precision: White = 38%, Black = 60%.} 0-1

[Event "25th Troya Open 2017"]
[Site "Canakkale"]
[Date "2017.08.09"]
[Round "4.5"]
[White "Benidze, Davit"]
[Black "Yanik, Murat"]
[Result "1-0"]
[WhiteElo "2476"]
[BlackElo "1875"]
[Annotator "TA"]
[PlyCount "53"]
[EventCountry "TUR"]
[SourceTitle "playchess.com"]
[Source "ChessBase"]
[SourceQuality "1"]

{[%evp 10,53,72,74,80,51,54,49,61,20,44,-4,0,9,80,88,97,83,72,82,103,67,105,112,101,110,132,137,175,172,235,249,271,254,697,555,669,236,559,395,860,569,755,729,924,920]} 1. d4 b6 2. e4 {[%cal Be2e4,Be4e5][%mdl 32]} e6 3. Nf3 Bb7 4. Bd3 Nf6 5. Qe2 d6 (5... Be7 6. O-O c5 7. c3 Nc6 8. a3 d5 9. e5 Nd7 10. b4 g5 11. Be3 h6 12. Nbd2 Qc7 13. bxc5 bxc5 14. a4 c4 15. Bc2 Qa5 16. Nb1 {1-0 (29) Saric,I (2628)-Bacrot,E (2730) Bastia 2013}) 6. O-O {LiveBook: 11 Games. B00: Queen's Fianchetto Defence, Nimzowitsch Defence} Nbd7 7. e5 Bxf3 8. gxf3 {White is slightly better.} Nh5 $146 ({Predecessor:} 8... Ng8 9. d5 dxe5 10. dxe6 fxe6 11. f4 Qf6 12. Bb5 Bd6 13. fxe5 Qxe5 14. Qxe5 Bxe5 {½-½ (57) Hohlfeld,W (2164)-Pammer,A (2227) Schwarzach 2002}) 9. f4 g6 10. Kh1 (10. f5 $5) 10... Qh4 11. Qf3 d5 (11... Rd8 $11) 12. Rg1 $16 f5 13. Nc3 c6 14. Ne2 Bh6 15. c4 Kf7 16. Bd2 Rac8 17. Rac1 Nb8 18. a4 Rhg8 19. b4 {[%cal Bb2b4,Bb4b5][%mdl 32]} Rgd8 (19... Qd8 $142 20. b5 Qd7 21. bxc6 Qxc6) 20. b5 $18 c5 21. cxd5 exd5 $2 (21... Rxd5 22. Bc4 Rd7) 22. dxc5 bxc5 {[#]} 23. Bb1 $2 (23. Bxf5 $1 {[%mdl 512]} gxf5 {[#]} 24. Nd4 $1 {[%mdl 512]} Nxf4 25. Nxf5) 23... Ke6 $2 (23... Ke8 {is a better chance.} 24. Rce1 Nd7) 24. Be3 Rc7 $2 (24... Bf8 25. Ba2 c4 26. Bxa7 Bc5) 25. Rgd1 {White is clearly winning.} c4 {[#]} 26. Bxf5+ $1 {[%mdl 512]} Ke7 (26... Kxf5 27. Nd4#) 27. Bg4 {Precision: White = 59%, Black = 19%.} 1-0

[Event "25th Troya Open 2017"]
[Site "Canakkale"]
[Date "2017.08.09"]
[Round "4.6"]
[White "Onem, Cem"]
[Black "Aliyev, Elnur"]
[Result "0-1"]
[WhiteElo "1819"]
[BlackElo "2150"]
[Annotator "TA"]
[PlyCount "94"]
[EventCountry "TUR"]
[SourceTitle "playchess.com"]
[Source "ChessBase"]
[SourceQuality "1"]

{[%evp 21,94,66,69,56,79,36,90,96,92,95,84,111,84,97,118,117,143,66,111,62,80,64,48,61,64,19,70,-14,79,65,120,115,111,130,155,127,80,0,0,0,2,0,8,8,11,0,0,0,21,0,49,-17,-15,-18,0,0,0,-22,-15,-14,-20,-19,0,-22,20,-27,0,-50,-33,-1091,-1037,-1357,-1340,-1314,-1306]} 1. d4 Nf6 2. c4 c5 3. d5 e6 4. Nc3 exd5 5. cxd5 g6 6. e4 d6 7. Nf3 Bg7 8. Bd3 O-O 9. O-O a6 10. a4 Qc7 11. h3 Nbd7 12. Bf4 {A70: Modern Benoni: 6 e4 g6 7 Nf3} Rb8 (12... Re8 13. Re1 b6 14. Bh2 Ne5 15. Bf1 Nxf3+ 16. Qxf3 Nd7 17. Qg3 Be5 18. f4 Bd4+ 19. Kh1 Bb7 20. Bc4 Re7 21. e5 dxe5 {1-0 (59) Kashlinskaya,A (2418)-Cori Tello,D (2422) Teheran 2017}) 13. Nd2 Re8 (13... Ne8 $14) 14. Nc4 $16 {White is better.} Bf8 15. a5 $146 ({Find the theoretical novelty and annotate with similar games:} 15. Qd2 b5 16. axb5 axb5 17. Na5 c4 18. Nc6 cxd3 19. Nxb8 Qxb8 20. b4 Nxe4 21. Qxd3 Nxc3 22. Qxc3 Bg7 {0-1 (22) Milord,F-Anderson,C Winnipeg 2002}) 15... b5 16. axb6 $1 Nxb6 17. Na5 c4 18. Bc2 Bd7 {[#]} 19. Re1 (19. Bg5 $1 $16 {[%cal Rg5f6]} Bg7 20. Qf3) 19... Bg7 20. Be3 Bb5 21. Nxb5 axb5 22. Nc6 Ra8 23. Bd4 Nbd7 ({Black should try} 23... Rxa1 $11 24. Qxa1 Ra8) 24. f3 (24. Qd2 $14) 24... Bh6 (24... Nh5 $11 {remains equal.}) 25. b3 Bf4 ({Black should play} 25... Nh5 $14) 26. bxc4 bxc4 {[#]} 27. Ba4 $1 Nh5 28. Qc2 Ne5 29. Nxe5 (29. Bb5 $16) 29... Bxe5 $11 30. Bxe5 Rxe5 31. Bc6 Rxa1 32. Rxa1 Qb6+ 33. Qf2 Qb3 34. Kh2 Kg7 35. Qd4 Qc2 36. Qd1 (36. Ba4 $14 Qe2 37. Bb5 (37. Rg1 Nf4 $16)) 36... Qb2 37. Rb1 Qc3 38. Qc1 Qd4 39. Qg1 Qd2 $40 {[%mdl 128] Black has some attack.} 40. Qc1 $1 {[%cal Rc1d2]} Qf2 {...Qg3+ is the strong threat.} 41. Qe1 Qc5 42. Qg1 Qa5 43. Qe1 Qd8 44. Qf2 Qf6 {Hoping for ...Rxe4!} 45. Rb4 $2 {[%mdl 8192] [#]} (45. Rb2 $15) 45... Rxe4 $1 $19 {[%mdl 512] Black is clearly winning.} 46. Rb2 (46. fxe4 Qxf2) 46... Qe5+ 47. g3 {[#]} Nxg3 $1 {[%mdl 512] Precision: White = 36%, Black = 39%.} 0-1

[Event "25th Troya Open 2017"]
[Site "Canakkale"]
[Date "2017.08.09"]
[Round "4.7"]
[White "Grigoriev, Armen"]
[Black "Tinarlioglu, Emre"]
[Result "1/2-1/2"]
[WhiteElo "2160"]
[BlackElo "1850"]
[Annotator "TA"]
[PlyCount "158"]
[EventCountry "TUR"]
[SourceTitle "playchess.com"]
[Source "ChessBase"]
[SourceQuality "1"]

{[%evp 16,158,-1,-35,33,8,13,0,74,50,76,39,52,48,51,55,54,45,52,0,0,0,114,107,84,98,77,39,37,38,35,41,33,50,48,31,38,37,35,46,41,19,25,0,0,0,0,-56,0,0,11,25,0,0,18,20,0,-18,-18,-18,-18,-26,-27,-62,35,-14,0,-34,-16,-9,0,0,0,0,0,0,0,-3,59,15,54,0,0,-13,0,0,5,0,0,-31,0,-143,0,0,0,0,0,-59,-70,-143,-164,-244,-254,-247,-215,-197,-118,-124,-121,-122,-109,-295,-295,-356,-111,-93,0,0,0,0,0,0,0,0,0,0,15,0,0,0,0,0,0,-175,0,0,0,0,0,0,0,0,0,0,0]} 1. f4 Nf6 2. g3 g6 3. Bg2 Bg7 4. Nf3 c5 5. O-O Nc6 6. d3 d5 7. Na3 O-O 8. c4 d4 9. Nc2 {LiveBook: 9 Games. A03: Bird's Opening with 1...d5} Nh5 $146 (9... a5 $15) ({Predecessor:} 9... Qc7 10. Rb1 a5 11. e4 dxe3 12. Bxe3 b6 13. Kh1 Bf5 14. Qe2 Rad8 15. Rbd1 Rfe8 16. Nh4 Bg4 {½-½ (60) Kuzmicz,K (2451)-Minko,V (2327) Warsaw 2013}) 10. a3 (10. b4 $5) 10... a5 11. Rb1 Qb6 (11... a4 $11) 12. b3 (12. b4 $5) 12... Ra7 13. Bd2 (13. b4 $5) 13... Qd8 14. b4 axb4 15. axb4 b6 16. bxc5 bxc5 17. Rb5 (17. Ng5 $14 Qc7 18. Ne4) 17... Qd6 $11 18. Ng5 f5 (18... Nf6 $1 $11 {keeps the balance.}) 19. Rb6 $16 Bd7 20. Qb1 Nf6 21. Qb3 (21. Qb5 $5 {[%cal Rg2c6]} Rc8 22. Ra1 $14) 21... h6 22. Nf3 {And now Ne5! would win.} Qc7 23. Rb1 Kh7 24. Rb7 Rxb7 25. Qxb7 Qd6 $1 26. Qa6 Rb8 27. Rb5 Ne8 28. Rxb8 Qxb8 29. Qa2 (29. Qa3 $5 {[%cal Ra3c5]}) 29... e5 30. fxe5 Nxe5 31. Nce1 (31. Nxe5 $11 Qxe5 32. Kf1) 31... Qb6 (31... Nc6 $15) 32. Qa5 Nxf3+ 33. Nxf3 Qe6 34. Kf1 Bf8 35. Qa7 Nf6 36. Nh4 g5 37. Nf3 {With the idea Bxg5!} Kg6 38. Qb7 Bd6 39. Qa8 Nh5 (39... Ng4 $15) 40. Ng1 Nf6 41. Bc6 Bxc6 42. Qxc6 Ng4 43. Nf3 Kf6 44. Qa8 Kg6 45. Qd8 (45. h4 $5 {[%cal Rh4g5]}) 45... Be7 46. Qe8+ Qf7 ({Black should try} 46... Kg7 $11) 47. Qc8 Bd6 48. Ba5 (48. h4 $1 $14) 48... Ne3+ 49. Ke1 Qe7 (49... Kh7 $5 {[%cal Rg5g4]} 50. Qd8 Qb7 $11) 50. Bb6 Ng2+ 51. Kd1 Ne3+ 52. Kd2 Nf1+ 53. Ke1 (53. Kd1 $11 {remains equal.}) 53... Ne3 ({Better is} 53... Nxh2 $1 $17 54. Nxh2 Bxg3+ 55. Kd1 Bxh2 56. Bxc5 Qe5) 54. Qc6 Kh5 55. Nd2 Ng4 56. Qf3 (56. Nb3 $11) 56... Kg6 $36 {[%mdl 2048] Black has good play.} 57. h3 (57. Qg2 $1 $15) 57... Ne5 $17 58. Qd5 (58. Qg2 {was forced.}) 58... Nxd3+ $1 $19 59. Kf1 Nc1 $1 ({Inferior is} 59... Bxg3 60. Qg8+ Kh5 61. Bd8 $11) 60. Qf3 {[#]} Na2 (60... d3 $1 $19 {[%mdl 512]} 61. e3 (61. exd3 Bxg3) 61... Ne2) 61. g4 $17 fxg4 $1 62. hxg4 Nc3 $1 63. Qd3+ $2 (63. Ba5 $17 {keeps fighting.}) 63... Kg7 $19 {Strongly threatening ...Qb7.} 64. Ba5 {[#]} Qf6+ $2 (64... Nd1 $1 $19 {is more deadly.} 65. Qf3 Ne3+ 66. Kf2 Qe5) 65. Ke1 $17 Qe5 ({Black should play} 65... Bf4 $17 66. Ne4 Nxe4 67. Qxe4 Bd6 68. Qb7+ Qe7 69. Qxe7+ Bxe7) 66. Bxc3 $1 $11 Qg3+ 67. Qxg3 Bxg3+ 68. Kd1 dxc3 {[%mdl 4096] Endgame KB-KN} 69. Ne4 Be5 {aiming for ...h5!} 70. Nxc5 Kg6 (70... h5 $5 71. gxh5 g4 $15) 71. Nd7 (71. Nd3 $5 {[%cal Rd3e5]} Bf6 72. Kc2 $11) 71... Bd4 72. c5 {[%cal Bc4c5,Bc5c6][%mdl 32]} Kf7 $1 {[%cal Rf7e6] Threatens to win with ...Ke6.} 73. c6 Ke7 {...Kd6 is the strong threat.} 74. e3 $2 {[#]} (74. Kc2 $11 {and White has nothing to worry.}) 74... Bxe3 $2 (74... Bh8 $1 $19 {Hoping for ...Kd6.} 75. Nb8 Kd6) 75. Ne5 {Black must now prevent c7.The position is equal.} Bb6 76. Kc2 Kd6 (76... Ke6 $5 {[%cal Re6e5]} 77. Nc4 Bc7 $11) 77. Nf7+ Kxc6 78. Kxc3 Kd5 (78... h5 $5) 79. Kd3 Ke6 {Precision: White = 39%, Black = 39%.} (79... h5 $5) 1/2-1/2